000 00564nam a2200193 i 4500
001 142333
003 ES-MaACL
005 20250830111415.0
007 t|
008 071004s1952 sp ||||1| spa d
100 1 _aVila Creus, Pedro.
_9114718
245 1 0 _aOrientaciones sociales /
_cpor el P. Pedro Vila Creus.
250 _a5ª ed. aum.
260 _aMadrid :
_bEditorial Razón y Fé,
_c[1952]
300 _a366 p. ;
_c19 cm.
610 2 4 _aIglesia Católica-
_xDoctrina social
_94642
852 _aES-MaACL
_jC-12901
_bR.41090
999 _c142333
_d142333